00883 2200313 4500001002100000005001500021035002000036007000300056008004100059100001600100245011900116250000900235300002900244020002200273082001000295084001600305090001900321260003000340600000900370650001300379700002300392850001000415990002400425990002400449990002400473990002400497990002400521990002400545INLIS00000000000276920260531122229 a0010-0720000052ta260531 j 0 ind 0 aWarner Bros1 aMegacolor Megawarna :bAddiction dan Substractions/Penambahan dan pengurangan /cWarner Bros; Penerjemahan, Ariata aEd.1 a32 hlm :bilus. ;c28 cm a978-979-29-5836-2 a371.1 a371.1 WAR m a371. WAR m 4-5 aYogyakarta :bAndi,c2016 4aanak 4aMewarnai0 aPenerjemah: Ariata aPUPAD a34.767/DAK/DPK/2019 a34.768/DAK/DPK/2019 a34.769/DAK/DPK/2019 a34.770/DAK/DPK/2019 a34.767/DAK/DPK/2019 a34.767/DAK/DPK/2019